| 000 | 00353nam a2200109Ia 4500 | ||
|---|---|---|---|
| 008 | 171204s9999 xx 000 0 und d | ||
| 245 | _aWindows Software Compatibility and Hardware Troubleshooting: | ||
| 245 | _cMike Halsey | ||
| 260 | _c2015 | ||
| 650 | _xADVANCED OPERATING SYSTEM AND NETWORKING | ||
| 856 | _uhttp://down.ebook777.com/042/148421062X.pdf | ||
| 999 |
_c347103 _d347103 |
||